000 00705pam a2200253 a 4500
001 1034681
003 OSt
005 20160223091908.0
008 890222s1990 nyua 001 0 eng
010 _a 89001165
020 _a038524228X :
_c$9.95 ($12.95 Can.)
040 _aSEKU
050 0 0 _aQC 23
_b.F7 1990
100 1 _aFreeman, Ira Maximilian,
_d1905-
245 1 0 _aPhysics made simple /
_cIra M. Freeman ; revised by William J. Durden.
250 _a1st ed.
260 _aNew York :
_bDoubleday,
_c1990.
300 _a207 p. :
_bill. ;
_c26 cm.
500 _a"A Made simple book."
500 _aIncludes index.
650 0 _aPhysics.
700 1 _aDurden, William J.
942 _2lcc
_cGEN
999 _c11317
_d11317